| 000 | 03612cgm a2200805Ia 4500 | ||
|---|---|---|---|
| 001 | ocn319172478 | ||
| 003 | OCoLC | ||
| 005 | 20241220123253.0 | ||
| 008 | 090424p20092007cau452 g vleng d | ||
| 007 | vd cvaizs | ||
| 040 |
_aZAE _cZAE _dUPZ _dUINTA |
||
| 020 | _a1419880675 | ||
| 020 | _a9781419880674 | ||
| 024 | 1 | _a883929064946 | |
| 028 | 4 | 2 |
_a1000092476 _bBBC Video/Warner Home Video |
| 028 | 4 | 2 |
_a3000021038 _bBBC Video/Warner Home Video |
| 035 | _a(OCoLC)319172478 | ||
| 041 | 0 | _aeng | |
| 043 | _ae-uk-en | ||
| 049 | _aUCLB | ||
| 092 | _a791.457 | ||
| 245 | 0 | 0 |
_aLittle Dorrit _h[videorecording] / _c2 Entertain ; British Broadcasting Corporation ; a BBC Drama/WGBH co-production ; produced by Lisa Osborne ; adapted by Andrew Davies ; directed by Dearbhla Wash, Adam Smith, Diarmuid Lawrence. |
| 250 | _aWidescreen version. | ||
| 260 |
_aBurbank, Calif. : _bBBC Video ; _bdistributed by Warner Home Video, _c2009. |
||
| 300 |
_a4 videodiscs (ca. 452 min.) : _bsd., col. ; _c4 3/4 in. |
||
| 538 | _aDVD, Dolby digital. | ||
| 500 | _aOriginally broadcast as a British television mini-series in 2007. | ||
| 546 | _aIn English. | ||
| 500 | _aClosed captioned for the hearing impaired. | ||
| 500 | _aContains all 14 episodes of the mini-series. | ||
| 500 | _aTitle from container. | ||
| 500 | _aFrom the novel by Charles Dickens. | ||
| 500 | _aSpecial features: "Little Dorrit : an insight" featurette ; picture gallery. | ||
| 511 | 1 | _aMatthew Macfadyen, Claire Foy, Tom Courtenay, Alun Armstrong, Judy Parfitt, Emma Pierson, Ruth Jones, Sue Johnston, Bill Paterson, Andy Serkis, James Fleet, Freema Agyeman. | |
| 520 | _aWhen Arthur Clennam returns to London after several years abroad, he wants to learn more about his mother's new seamstress, young Amy Dorrit. His search brings him to the Marshalsea Debtors Prison, where he learns the truth about struggle and hardship in 1820s England. | ||
| 521 | 8 | _aNot rated. | |
| 650 | 0 |
_aSocial classes _zEngland _vDrama. _95733369 |
|
| 650 | 0 |
_aWomen dressmakers _zEngland _vDrama. _96510136 |
|
| 610 | 2 | 0 |
_aMarshalsea Prison (Southwark, London, England) _vDrama. _96192551 |
| 651 | 0 |
_aEngland _xSocial conditions _y19th century _vDrama. _96510137 |
|
| 651 | 0 |
_aLondon (England) _vDrama. _95703301 |
|
| 650 | 0 |
_aTelevision adaptations. _992569 |
|
| 650 | 0 |
_aTelevision mini-series _zGreat Britain. _96498069 |
|
| 650 | 0 |
_aVideo recordings for the hearing impaired. _96192554 |
|
| 700 | 1 |
_aOsborne, Lisa. _96192555 |
|
| 700 | 1 |
_aWalsh, Dearbhla, _edirection. _968104 |
|
| 700 | 1 |
_aSmith, Adam, _edirection. _927131 |
|
| 700 | 1 |
_aLawrence, Diarmuid, _edirection. _963479 |
|
| 700 | 1 |
_aDavies, Andrew, _d1936- _910759 |
|
| 700 | 1 |
_aMacfadyen, Matthew, _d1974- _ecast. _972719 |
|
| 700 | 1 |
_aFoy, Claire, _ecast. _95747540 |
|
| 700 | 1 |
_aCourtenay, Tom, _ecast. _921434 |
|
| 700 | 1 |
_aArmstrong, Alun, _ecast. _966048 |
|
| 700 | 1 |
_aParfitt, Judy, _d1935- _ecast. _95870563 |
|
| 700 | 1 |
_aPierson, Emma, _d1981- _ecast. _973501 |
|
| 700 | 1 |
_aJones, Ruth, _d1966- _ecast. _96192556 |
|
| 700 | 1 |
_aJohnston, Sue, _d1943- _ecast. _968025 |
|
| 700 | 1 |
_aPaterson, Bill, _d1945- _ecast. _959022 |
|
| 700 | 1 |
_aSerkis, Andy, _ecast. _959379 |
|
| 700 | 1 |
_aFleet, James, _ecast. _958444 |
|
| 700 | 1 |
_aAgyeman, Freema, _ecast. _96192557 |
|
| 710 | 2 |
_a2 Entertain (Firm) _974066 |
|
| 710 | 2 |
_aBritish Broadcasting Corporation. _98652 |
|
| 710 | 2 |
_aWGBH (Television station : Boston, Mass.) _912801 |
|
| 710 | 2 |
_aBBC Video (Firm) _961947 |
|
| 710 | 2 |
_aWarner Home Video (Firm) _961103 |
|
| 942 |
_cDVD _0233 |
||
| 994 |
_aC0 _bUINTA |
||
| 998 | _aa124234 | ||
| 999 |
_c61145 _d61145 |
||